Diccionario esencial de la lengua española. (Registro nro. 11592)
[ vista simple ]
| 000 -LEADER | |
|---|---|
| fixed length control field | 00722nam a2200277 a 4500 |
| 001 - CONTROL NUMBER | |
| control field | 0266 |
| 003 - CONTROL NUMBER IDENTIFIER | |
| control field | DO-SdBNP |
| 005 - DATE AND TIME OF LATEST TRANSACTION | |
| control field | 20170914130745.0 |
| 007 - PHYSICAL DESCRIPTION FIXED FIELD--GENERAL INFORMATION | |
| fixed length control field | 0266 |
| 008 - FIXED-LENGTH DATA ELEMENTS--GENERAL INFORMATION | |
| fixed length control field | 110324s2006 sp d 000 0 spa d |
| 020 ## - INTERNATIONAL STANDARD BOOK NUMBER | |
| International Standard Book Number | 8467023147 |
| 040 ## - CATALOGING SOURCE | |
| Original cataloging agency | BPMSU |
| Language of cataloging | spa |
| Transcribing agency | BPMSU |
| 049 ## - LOCAL HOLDINGS (OCLC) | |
| Holding library | |
| 082 #4 - DEWEY DECIMAL CLASSIFICATION NUMBER | |
| Classification number | R 463 |
| Item number | D545e |
| 092 ## - LOCALLY ASSIGNED DEWEY CALL NUMBER (OCLC) | |
| Classification number | |
| 110 ## - MAIN ENTRY--CORPORATE NAME | |
| Corporate name or jurisdiction name as entry element | Real Academia de la Española |
| 245 00 - TITLE STATEMENT | |
| Title | Diccionario esencial de la lengua española. |
| 260 ## - PUBLICATION, DISTRIBUTION, ETC. (IMPRINT) | |
| Place of publication, distribution, etc. | Madrid : |
| Name of publisher, distributor, etc. | Espasa Calpe, |
| Date of publication, distribution, etc. | 2006. |
| 300 ## - PHYSICAL DESCRIPTION | |
| Extent | 1631 p. ; |
| Dimensions | 25 cm. |
| 650 #4 - SUBJECT ADDED ENTRY--TOPICAL TERM | |
| Topical term or geographic name as entry element | ESPAÑOL |
| General subdivision | DICCIONARIOS |
| 710 ## - ADDED ENTRY--CORPORATE NAME | |
| Corporate name or jurisdiction name as entry element | Real Academia Española |
| 910 ## - USER-OPTION DATA (OCLC) | |
| User-option data | |
| 942 ## - ADDED ENTRY ELEMENTS (KOHA) | |
| Source of classification or shelving scheme | Dewey Decimal Classification |
| Koha item type | Libros |
| 945 ## - LOCAL PROCESSING INFORMATION (OCLC) | |
| a | Inventariado /2017 VM |
| 956 ## - LOCAL ELECTRONIC LOCATION AND ACCESS (OCLC) | |
| Host name | VMATEO |
| Access number | 10 |
| Compression information | 20161018 |
| Logon | BPMSU |
| Processor of request | 0069 |
| Withdrawn status | Lost status | Source of classification or shelving scheme | Damaged status | Not for loan | Collection code | Home library | Current library | Date acquired | Source of acquisition | Total Checkouts | Full call number | Barcode | Date last seen | Copy number | Price effective from | Koha item type |
|---|---|---|---|---|---|---|---|---|---|---|---|---|---|---|---|---|
| Dewey Decimal Classification | Colección de Referencia General | Biblioteca Pública Metropolitana Salomé Ureña | Biblioteca Pública Metropolitana Salomé Ureña | 10/18/2016 | Compra | R463 D545e | BPMSU16100234 | 10/18/2016 | 10/18/2016 | Libros | ||||||
| Dewey Decimal Classification | Colección de Referencia General | Biblioteca Pública Metropolitana Salomé Ureña | Biblioteca Pública Metropolitana Salomé Ureña | 10/18/2016 | Compra | R463 D545e | BPMSU16100237 | 10/18/2016 | e. 3 | 10/18/2016 | Libros | |||||
| Dewey Decimal Classification | Colección de Referencia General | Biblioteca Pública Metropolitana Salomé Ureña | Biblioteca Pública Metropolitana Salomé Ureña | 10/18/2016 | Compra | R463 D545e | BPMSU16100238 | 10/18/2016 | e. 2 | 10/18/2016 | Libros |